Principles of electricity and magnetism

This book is designed to provide an understanding of the principles of electricity and magnetism which are essential for all individuals in technical fields.

保存先:
書誌詳細
第一著者: Pugh, Emerson M.
フォーマット: 図書
言語:Undetermined
出版事項: Massachusetts Addison-Wesley 1962
主題:
タグ: タグ追加
タグなし, このレコードへの初めてのタグを付けませんか!
Thư viện lưu trữ: Trung tâm Học liệu Trường Đại học Cần Thơ
LEADER 00708nam a2200193Ia 4500
001 CTU_2352
008 210402s9999 xx 000 0 und d
082 |a 537 
082 |b P978 
100 |a Pugh, Emerson M. 
245 0 |a Principles of electricity and magnetism 
245 0 |c Emerson M. Pugh, Emerson W. Pugh 
260 |a Massachusetts 
260 |b Addison-Wesley 
260 |c 1962 
520 |a This book is designed to provide an understanding of the principles of electricity and magnetism which are essential for all individuals in technical fields. 
650 |a Electricity,Magnetism,Điện,Từ tính 
904 |i Minh, Hải 
980 |a Trung tâm Học liệu Trường Đại học Cần Thơ